| 000 | 01505cam a2200373 a 4500 | ||
|---|---|---|---|
| 001 | 12647601 | ||
| 003 | GBCCL | ||
| 005 | 20241126110354.0 | ||
| 008 | 800117s2001 ii b 000 0 eng | ||
| 010 | _a 2001416415 | ||
| 020 | _a8172146213 | ||
| 025 | _aI-E-2001-416415; 13; 05 | ||
| 035 | _a(DLC) 2001416415 | ||
| 037 |
_bLibrary of Congress -- New Delhi Overseas Office _cRs200.00 |
||
| 040 |
_aDLC _cDLC |
||
| 042 | _alcode | ||
| 050 | 0 | 0 |
_aBP172 _b.A62 2001 |
| 082 |
_a261.27 _bAPP |
||
| 245 | 0 | 0 |
_aApproaches, foundations, issues, and models of interfaith relations / _cedited by David Emmanuel Singh, Robert Edwin Schick. |
| 260 |
_aDelhi : _bJointly published by Indian Society for Promoting Christian Knowledge and Henry Martin Institute of Islamic Studies, Hyderabad, _c2001. |
||
| 300 |
_a499 p. ; _c23 cm. |
||
| 504 | _aIncludes bibliographical references. | ||
| 520 | _aArticles previously published in Journal of the Henry Martyn Institute; chiefly on Muslim-Christian relations. | ||
| 650 | 0 |
_aIslam _xRelations _xChristianity. _91067 |
|
| 650 | 0 |
_aChristianity and other religions _xIslam. _91068 |
|
| 700 | 1 |
_aSingh, David Emmanuel. _92086 |
|
| 700 | 1 |
_aSchick, Robert, _d1957- _92087 |
|
| 710 | 2 |
_aI.S.P.C.K. (Organization) _9393 |
|
| 710 | 2 |
_aHenry Martyn Institute of Islamic Studies. _92088 |
|
| 730 | 0 |
_aJournal of the Henry Martyn Institute. _92089 |
|
| 906 |
_a7 _bcbc _corigode _d3 _encip _f20 _gy-gencatlg |
||
| 942 |
_2ddc _cBK _01 |
||
| 999 |
_c1156 _d1156 |
||